Auditing -II (Record no. 3333)

MARC details
000 -LEADER
fixed length control field 00794 a2200217 4500
010 ## - LIBRARY OF CONGRESS CONTROL NUMBER
LC control number ENG-85672
020 ## - INTERNATIONAL STANDARD BOOK NUMBER
Terms of availability 150.00
035 ## - SYSTEM CONTROL NUMBER
System control number EN-69205
037 ## - SOURCE OF ACQUISITION
Source of stock number/acquisition D.B.Act / Pub
082 14 - DEWEY DECIMAL CLASSIFICATION NUMBER
Classification number 657.45
090 ## - LOCALLY ASSIGNED LC-TYPE CALL NUMBER (OCLC); LOCAL CALL NUMBER (OCLC)
-- 3400
-- 3400
100 1# - MAIN ENTRY--PERSONAL NAME
Personal name Saxena, R. G.
245 1# - TITLE STATEMENT
Title Auditing -II
Remainder of title for Sixth semester, BCom, Banglore Universty
Statement of responsibility, etc by R. G. Saxena, H. R. Appannaiah and P. N. Reddy
260 ## - PUBLICATION, DISTRIBUTION, ETC. (IMPRINT)
Place of publication, distribution, etc Mumbai
Name of publisher, distributor, etc Himalaya Publishing House
Date of publication, distribution, etc 2006
270 ## - ADDRESS
Address "Ramdoot", Dr. Bhalerao Marg, Girgaon
City Mumbai
Postal code 400 004
Telephone number 022-23860170, 022-23863863
Fax number 022-23877178
Electronic mail address himpub@vsnl.net.in
300 ## - PHYSICAL DESCRIPTION
Extent 440 p.
Dimensions 21 cm ( Pbk.)
700 1# - ADDED ENTRY--PERSONAL NAME
Personal name Appannaiah, H. R.
700 1# - ADDED ENTRY--PERSONAL NAME
Personal name Reddy, P. N.
942 ## - ADDED ENTRY ELEMENTS (KOHA)
Institution code [OBSOLETE] dpl
Koha item type English Books
Call number prefix 657.45 / SAX
Holdings
Withdrawn status Lost status Source of classification or shelving scheme Damaged status Not for loan Collection code Home library Current library Source of acquisition Cost, normal purchase price Total Checkouts Full call number Barcode Date last seen Copy number Uniform Resource Identifier Cost, replacement price Price effective from Koha item type
    Dewey Decimal Classification   Not For Loan Non-fiction D.B.Act.Division D.B.Act.Division DBAD/PUB 150.00   657.45 SAX EN-69205 15/09/2008 1 3617 150.00 15/09/2008 English Books

© Delhi Public Library
Hit Counter
free hit counter